000 00561 a2200205 4500
005 20260218112405.0
008 260218b |||||||| |||| 00| 0 eng d
020 _a9781032311654
_c£ 56.99
040 _aMAIN
082 _a338.433621
_bF72E(9)
100 _aFolland, Sherman
245 _aEconomics of health and health care: International student edition
250 _a9th
260 _bRoutledge
_c2024
_aNew York
300 _axxxii, 739
650 _aEconomics- Health
650 _aHealth Economics
650 _aHealth Insurance
942 _cBK
999 _c395925
_d395925